000 00439nam a22001697a 4500
003 NUST - PNEC
005 20170116180936.0
008 150906b xxu||||| |||| 00| 0 eng d
020 _a8176564338
040 _cLIBRARY
082 _a621.38132 CAR
100 _98547
_aCarr, Joseph J.
245 _aElectronic circuit guidebook Vol 1
_cJoseph K. Carr
260 _c2002
650 _98543
_aElectronic Engineering
_xEE
942 _2ddc
_cBK
999 _c66055
_d66055